MARC

LEADER 00000nam0a2200000 4500
001 209269
005 20231031191712.0
035 |a (RuTPU)RU\TPU\book\228592 
090 |a 209269 
100 |a 20120210d1980 k y0rusy50 ca 
101 0 |a rus 
102 |a RU 
105 |a a z 001zy 
200 1 |a Палеогеография Западно-Сибирской равнины в максимум позднезырянского оледенения  |e проект: Четвертичные оледенения Северного полушария  |f С. А. Архипов [и др.]  |g Академия наук СССР (АН СССР), Сибирское отделение (СО), Институт геологии и геофизики (ИГиГ) 
210 |a Новосибирск  |c Наука  |d 1980 
215 |a 108 с.  |c ил. 
225 1 |a Труды института геологии и геофизики СО АН СССР  |v Вып. 470 
320 |a Библиогр.: с. 103-108. 
610 1 |a палеогеография 
610 1 |a Западно-Сибирская равнина 
610 1 |a оледенение 
610 1 |a Северное полушарие 
610 1 |a геоморфология 
675 |a 551.8(571.1)  |v 3 
675 |a 551.338  |v 3 
701 1 |a Архипов  |b С. А. 
701 1 |a Астахов  |b В. И. 
701 1 |a Волков  |b И. А. 
701 1 |a Волкова  |b Ф. С. 
712 0 2 |a Академия наук СССР (АН СССР)  |b Сибирское отделение (СО)  |b Институт геологии и геофизики (ИГиГ)  |c (Новосибирск)  |2 stltpush  |3 (RuTPU)RU\TPU\col\128 
801 1 |a RU  |b 63413507  |c 20120210 
801 2 |a RU  |b 63413507  |c 20161207  |g RCR 
942 |c BK